Números en español - Statistics

General Stats
  • This quiz has been taken 200 times
    17 since last reset
  • The average score is 24 of 61
Answer Stats
Number Número % Correct
2 dos
92%
3 tres
92%
1 uno
92%
5 cinco
85%
4 cuatro
85%
Fourth cuatro
85%
10 diez
85%
8 ocho
85%
9 nueve
77%
11 once
77%
6 seis
77%
7 siete
77%
12 doce
69%
14 catorce
62%
13 trece
62%
40 cuarenta
54%
19 diecinueve
54%
18 dieciocho
54%
16 dieciséis
54%
17 diecisiete
54%
90 noventa
54%
15 quince
54%
60 sesenta
54%
70 setenta
54%
20 veinte
54%
0 cero
46%
100 cien
46%
50 cincuenta
46%
1,000 mil
46%
80 ochenta
46%
30 treinta
46%
Second segundo
38%
200 doscientos
31%
First primero
31%
600 seiscientos
31%
300 trescientos
31%
400 cuatrocientos
23%
900 novecientos
23%
800 ochocientos
23%
500 quinientos
23%
700 setecientos
23%
It is 1 o'clock Es la una
15%
It's half past 10 Son las diez y media
15%
It is 2 o'clock (3, 4, 5 etc.) Son las dos
15%
Third tercero
15%
1,000,000 un millón
15%
Which is your date of birth? ¿Cuál es tu fecha de nacimiento?
8%
Tenth décimo
8%
I was born the 7th Spetember 1988 Nací el siete de septiembre mil novecientos ochenta y ocho
8%
I was born in 1988 Nací en mil novecientos ochenta y ocho
8%
Eighth octavo
8%
Fifth quinto
8%
Seventh séptimo
8%
Sixth sexto
8%
I am (have) 37 years old Tengo treinta y siete años
8%
How old are you? (How many years are you?) ¿Cuántos años tienes?
0%
(In) What year were you born? ¿En qué año naciste?
0%
Ninth noveno
0%
What time is it? ¿Qué hora es?
0%
it's quarter to 10 Son las diez menos cuarto
0%
It's quarter past 10 Son las diez y cuarto
0%
No matching quizzes found
Score Distribution
Percent of People with Each Score
Percentile by Number Answered
Your Score History
You have not taken this quiz since the last reset